00488nam a2200169 450000500170000001000150001702000260003203500140005803700130007208200080008510000160009324500790010926000370018827000510022530000230027650000190029920190215113702.0 aENG-124819 a9789380828855c995.00 aEN-108351 bDBAD/PUB a954 aGirja Kumar aThe Indus people:bsaraiki saga and sufi sant renaissance/cby Girja Kumar aNew DelhibRenu Kaul Vermac2019 a2/15,Ansari Road, DaryaganjbNew Delhie110002 axi,463p.c22cm(Hb) aincludes index